| 000 | 00372nam a2200133 a 4500 | ||
|---|---|---|---|
| 001 | 5238 | ||
| 003 | CDMR | ||
| 005 | 20130313131312.0 | ||
| 008 | 130130s2006||||||||||||||||||||||||||||d | ||
| 040 |
_aCDMR _bcat _cCPC GIRONA |
||
| 245 | 0 | 0 |
_aMil dies de Govern _b: 2004-2006 |
| 260 |
_c2006 _bGeneralitat de Catalunya. Departament de la Presidència _aBarcelona |
||
| 942 |
_cMON _2ddc |
||
| 999 |
_c5238 _d5238 |
||